Negro education in Kentucky. (Record no. 21930)
[ view plain ]
| 000 -LEADER | |
|---|---|
| fixed length control field | 00831cam a22002411 4500 |
| 001 - CONTROL NUMBER | |
| control field | e 43000111 |
| 003 - CONTROL NUMBER IDENTIFIER | |
| control field | DLC |
| 005 - DATE AND TIME OF LATEST TRANSACTION | |
| control field | 20260227111231.0 |
| 008 - FIXED-LENGTH DATA ELEMENTS--GENERAL INFORMATION | |
| fixed length control field | 881109s1943 kyuab s000 0 eng c |
| 010 ## - LIBRARY OF CONGRESS CONTROL NUMBER | |
| LC control number | e 43000111 |
| 035 ## - SYSTEM CONTROL NUMBER | |
| System control number | (OCoLC)18726601 |
| 040 ## - CATALOGING SOURCE | |
| Original cataloging agency | U.S. Off. of Educ. Library |
| Transcribing agency | MsU |
| Modifying agency | MsU |
| -- | DLC |
| 050 00 - LIBRARY OF CONGRESS CALL NUMBER | |
| Classification number | L152 |
| Item number | .B35 vol. 11, no. 3 |
| 082 ## - DEWEY DECIMAL CLASSIFICATION NUMBER | |
| Classification number | 371.974 |
| 100 1# - MAIN ENTRY--PERSONAL NAME | |
| Personal name | Taylor, Lewis Nelson, |
| Dates associated with a name | 1873- |
| 245 10 - TITLE STATEMENT | |
| Title | Negro education in Kentucky. |
| 260 ## - PUBLICATION, DISTRIBUTION, ETC. | |
| Place of publication, distribution, etc. | [Frankfort] |
| Name of publisher, distributor, etc. | Dept. of Education |
| Date of publication, distribution, etc. | [1943] |
| 300 ## - PHYSICAL DESCRIPTION | |
| Extent | [131]-195 p. incl. illus. (map) tables. |
| Dimensions | 23 cm. |
| 490 0# - SERIES STATEMENT | |
| Series statement | Kentucky. Dept. of Education. Educational bulletin ... |
| Volume/sequential designation | vol. XI, no. 3 |
| 500 ## - GENERAL NOTE | |
| General note | At head of title: Commonwealth of Kentucky. |
| 500 ## - GENERAL NOTE | |
| General note | Prepared by L.N. Taylor. cf. Foreword. |
| 650 #0 - SUBJECT ADDED ENTRY--TOPICAL TERM | |
| Topical term or geographic name entry element | African Americans |
| General subdivision | Education |
| Geographic subdivision | Kentucky. |
No items available.